000
00222 a2200097 4500
001
41287
100
_a
Mikache, F
245
_a
The failure of atomic strategy
260
_a
London
_b
faber & faber
_c
090
_c
25485
_d
25485
942
_a
NUST-CAE
_c
M
_c
17208
999
_c
276360
_d
276360